<?xml version="1.0" encoding="UTF-8"?><?xml-stylesheet type="text/xsl" href="static/style.xsl"?><OAI-PMH xmlns="http://www.openarchives.org/OAI/2.0/" xmlns:xsi="http://www.w3.org/2001/XMLSchema-instance" xsi:schemaLocation="http://www.openarchives.org/OAI/2.0/ http://www.openarchives.org/OAI/2.0/OAI-PMH.xsd"><responseDate>2026-04-13T03:06:06Z</responseDate><request verb="GetRecord" identifier="oai:www.recercat.cat:2117/428202" metadataPrefix="marc">https://recercat.cat/oai/request</request><GetRecord><record><header><identifier>oai:recercat.cat:2117/428202</identifier><datestamp>2025-07-16T22:24:27Z</datestamp><setSpec>com_2072_1033</setSpec><setSpec>col_2072_452949</setSpec></header><metadata><record xmlns="http://www.loc.gov/MARC21/slim" xmlns:dcterms="http://purl.org/dc/terms/" xmlns:xsi="http://www.w3.org/2001/XMLSchema-instance" xmlns:doc="http://www.lyncode.com/xoai" xsi:schemaLocation="http://www.loc.gov/MARC21/slim http://www.loc.gov/standards/marcxml/schema/MARC21slim.xsd">
   <leader>00925njm 22002777a 4500</leader>
   <datafield ind2=" " ind1=" " tag="042">
      <subfield code="a">dc</subfield>
   </datafield>
   <datafield ind2=" " ind1=" " tag="720">
      <subfield code="a">Benedicto Molina, Xavier</subfield>
      <subfield code="e">author</subfield>
   </datafield>
   <datafield ind2=" " ind1=" " tag="720">
      <subfield code="a">Ponce De Leon, Miguel</subfield>
      <subfield code="e">author</subfield>
   </datafield>
   <datafield ind2=" " ind1=" " tag="260">
      <subfield code="c">2023-05</subfield>
   </datafield>
   <datafield ind2=" " ind1=" " tag="520">
      <subfield code="a">Gastric carcinoma (GC) is one of the leading causes&#xd;
of cancer death globally. Managing advanced stages of GC&#xd;
necessitates a multifaceted approach, encompassing surgical&#xd;
interventions and comprehensive multidisciplinary strategies&#xd;
such as combinatorial drug treatments, recently emerging as&#xd;
promising avenues. Recent advances in computational biology&#xd;
have facilitated the development of genome-scale metabolic&#xd;
models (GEMs), which offer a comprehensive, mathematical&#xd;
framework for understanding the intricate metabolic dynamics.&#xd;
Integrating these GEMs with high-throughput omics&#xd;
data, GEMs provide a representations of cellular metabolism&#xd;
through metabolic tasks, allowing for the elucidation of complex&#xd;
metabolic phenotypes associated with the effects of combinatorial&#xd;
treatments. Herein, an approach to take advantage of&#xd;
metabolic tasks and high-throughput omics data using the previously&#xd;
described Tasks Inferred from Differential Expression&#xd;
(TIDEs) approach in conjunction with vital genes to metabolic&#xd;
tasks (anchor genes) is presented as ag-TIDEs.&#xd;
The aim of this work is to explore aberrant metabolic&#xd;
phenotypes using different approaches to generate hypotheses&#xd;
on the mechanisms underlying the observed synergies in the&#xd;
combinatorial drug treatments of TAK1, MEK, and PI3K&#xd;
inhibitors on cells from the AGS cell line. Preliminary results&#xd;
propose distinct metabolic alterations induced by the drug&#xd;
treatments as a hypothesis to be further explored.</subfield>
   </datafield>
   <datafield tag="653" ind2=" " ind1=" ">
      <subfield code="a">Àrees temàtiques de la UPC::Informàtica::Arquitectura de computadors</subfield>
   </datafield>
   <datafield tag="653" ind2=" " ind1=" ">
      <subfield code="a">High performance computing</subfield>
   </datafield>
   <datafield tag="653" ind2=" " ind1=" ">
      <subfield code="a">gastric carcinoma</subfield>
   </datafield>
   <datafield tag="653" ind2=" " ind1=" ">
      <subfield code="a">drug synergies</subfield>
   </datafield>
   <datafield tag="653" ind2=" " ind1=" ">
      <subfield code="a">AGS</subfield>
   </datafield>
   <datafield tag="653" ind2=" " ind1=" ">
      <subfield code="a">metabolic tasks</subfield>
   </datafield>
   <datafield tag="653" ind2=" " ind1=" ">
      <subfield code="a">genome-scale metabolic models</subfield>
   </datafield>
   <datafield tag="653" ind2=" " ind1=" ">
      <subfield code="a">Càlcul intensiu (Informàtica)</subfield>
   </datafield>
   <datafield ind2="0" ind1="0" tag="245">
      <subfield code="a">Analysing metabolic changes in a gastric adenocarcinoma cell line under different drug treatments: a constraint-based modeling approach</subfield>
   </datafield>
</record></metadata></record></GetRecord></OAI-PMH>